000 00352 a2200157 4500
001 48852
020 _a
040 _cAnchieta - Bela Vista
100 _aAshworth, Julie
240 1 0 _aHare wants another race
_lIng
245 1 0 _aHare wants another race
300 _a24
362 0 _a1992
650 4 _aLiteratura infantil em inglês
942 _cBK
999 _c48852
_d48852